00330nam a22001217a 4500999001700000082001500017100001200032245003200044260001100076300000900087942000700096952010500103 c65312d65309 a297.335HUS aHussain aIslam Versus and Socialism aLahore a170p cBK 001040708REFaREFbREFd2019-07-10l0o297.335HUS (Shelf - 18B)pR9515r2019-07-10 00:00:00yBK